000 01382nam a2200397 a 4500
001 3572706
003 OSt
005 20251209063144.0
008 980312s1997 ii b 011 0 eng
010 _a 98900506
020 _z8170334192 (set)
020 _z8170334176 (v. 1)
020 _z8170334185 (v. 2)
025 _aI-E-98-900506; 56-91; 68-91; 69
035 _a3572706
040 _aDLC
_cDLC
042 _alcode
043 _aa-ii---
050 0 0 _a303.4 SHA-I
_b.S6158 1997
245 0 0 _aSocial transformation in India :
_bessays in honour of Professor I.P. Desai /
_cGhanshyam Shah, editor.
260 _aJaipur :
_bRawat Publications,
_c1997.
300 _a2 v. (x, 711 p.) ;
_c22 cm.
336 _atext
_btxt
_2rdacontent
337 _aunmediated
_bn
_2rdamedia
338 _avolume
_bnc
_2rdacarrier
504 _aIncludes bibliographical references and index.
520 _aFestschrift in honor of Ishwarlal Pragji Desai, 1911-1985, sociologist; comprises contributed articles on social change in India.
600 1 0 _aDesai, Ishwarlal Pragji.
650 0 _aSocial reformers
_zIndia
_xBiography.
700 1 _aDesai, Ishwarlal Pragji.
700 1 _aShah, Ghanshyam.
906 _a7
_bcbc
_corigode
_d3
_encip
_f19
_gy-gencatlg
942 _2ddc
_cBK
999 _c12120
_d12120